000 00512nam a22001577a 4500
008 160523b xxu||||| |||| 00| 0 eng d
020 _a9966282637
050 _aQA76
_b.S25 2011
100 _aSaleemi, Nisah Ahmad
245 _aInformation Technology Simplified/
_bSaleemi, N. A.
250 _a3rd Ed.
_bEast Africa Edition
260 _aNairobi, Kenya:
_bSaleemi publications LTD,
_c2012
300 _a358P.
_bill,
650 _aInformation technology
942 _2lcc
_cBOOKS
_hQA76.S25 2011
_032
999 _c11161
_d11161